000 00408pab a2200157 454500
008 180718b2001 xxu||||| |||| 00| 0 eng d
100 _aDunn, Kevin
245 _aMulticultural policy within local government in Australia.
260 _c2001
300 _ap.2477-494
362 _aDec
650 _aLocal government - Australia
650 _aLocal government
773 _aUrban Studies
909 _a51166
999 _c51166
_d51166